<?xml version="1.0" encoding="UTF-8"?>
<marc:record xmlns:marc="http://www.loc.gov/MARC21/slim">
   <marc:leader>00000nam a2200000 a 4500</marc:leader>
   <marc:datafield ind1=" " ind2=" " tag="653">
      <marc:subfield code="a">Entwicklung</marc:subfield>
   </marc:datafield>
   <marc:datafield ind1=" " ind2=" " tag="653">
      <marc:subfield code="a">Steinzeit</marc:subfield>
   </marc:datafield>
   <marc:datafield ind1=" " ind2=" " tag="653">
      <marc:subfield code="a">Architektur</marc:subfield>
   </marc:datafield>
   <marc:datafield ind1="0" ind2="0" tag="245">
      <marc:subfield code="a">GEO Epoche: REVOLUTION IN DER STEINZEIT - Ausgabe 96/</marc:subfield>
   </marc:datafield>
   <marc:datafield ind1="0" ind2="0" tag="245">
      <marc:subfield code="b">GEO Epoche; Das Magazin für Geschichte</marc:subfield>
   </marc:datafield>
   <marc:datafield ind1=" " ind2="1" tag="264">
      <marc:subfield code="b">Gruner + Jahr AG &amp; Co</marc:subfield>
      <marc:subfield code="c">2019</marc:subfield>
   </marc:datafield>
   <marc:datafield ind1="1" ind2=" " tag="520">
      <marc:subfield code="a">REVOLUTION IN DER STEINZEIT: Wie sich der Mensch eine neue Welt erschuf Vor 40.000 Jahren: Der Mensch entdeckt die Kultur Überleben in der Eiszeit Lascaux: eine Kathedrale der Kunst Die ersten Siedler der Geschichte Das Ende des Gletschemannes Stonehenge: Monument für die Ewigkeit</marc:subfield>
   </marc:datafield>
   <marc:datafield ind1="3" ind2=" " tag="024">
      <marc:subfield code="a">18616097</marc:subfield>
   </marc:datafield>
</marc:record>
